Memahami konsep pemasaran

Bibliographic Details
Format: Book

MARC

LEADER 00000cam a2200000 7i4500
001 0000008438
002 000009196
005 20000330.0
020 |a 0679701050 
090 0 0 |a 658.802   |b ZAI 
245 0 0 |a Memahami konsep pemasaran 
999 |a 015742   |b BUKU   |c PINJAMAN   |e PERPUSTAKAAN KOMUNITI PETALING JAYA